[Event "Woerishofen sen 2016"]
[Site "Bad Woerishofen"]
[Date "2016.03.01"]
[Round "5.68"]
[White "Dittmann, Heinz"]
[Black "Jurgan, Brigitte"]
[Result "1/2-1/2"]
[WhiteElo "1565"]
[BlackElo "1476"]
[PlyCount "126"]
[EventDate "2016.02.26"]
[EventType "swiss"]
[EventCountry "GER"]
[WhiteTeam "Nettetal SG"]
[BlackTeam "Grassau ASV"]
[WhiteTeamCountry "GER"]
[BlackTeamCountry "GER"]

1. d4 d5 2. Nf3 Nf6 3. e3 Bg4 4. Bd3 g6 5. h3 Bxf3 6. Qxf3 Bg7 7. Nd2 O-O 8.
O-O c6 9. c3 Nbd7 10. Re1 Re8 11. e4 dxe4 12. Nxe4 Nxe4 13. Bxe4 Rb8 14. Bd3 e5
15. Bc4 Qf6 16. Qg4 Qf5 17. Qxf5 gxf5 18. dxe5 Rxe5 19. Bf4 Rxe1+ 20. Rxe1 Rd8
21. Bd3 h6 22. Bxf5 Nf6 23. Kf1 Re8 24. Be3 b6 25. c4 c5 26. Rd1 Kf8 27. b3 Kg8
28. Rd3 Bf8 29. Bf4 h5 30. f3 Kg7 31. Kf2 Be7 32. Re3 Ng8 33. Bd6 Kf8 34. Bf4
Bf6 35. Rxe8+ Kxe8 36. Be4 h4 37. Bc6+ Ke7 38. g3 Bd4+ 39. Kg2 hxg3 40. Kxg3
Nf6 41. Bg5 Kf8 42. h4 Kg7 43. f4 Kg6 44. Bxf6 Bxf6 45. Kg4 Kh6 46. h5 Be7 47.
Be8 f6 48. Bg6 Kg7 49. Kf5 Bd6 50. Ke6 Bxf4 51. Kd7 Bd2 52. Kc6 Ba5 53. Kb7 Kh6
54. Kxa7 f5 55. Bxf5 Kxh5 56. a3 Kg5 57. Bd7 Kf6 58. b4 cxb4 59. axb4 Bxb4 60.
Kxb6 Bc3 61. Kc6 Be5 62. Kd5 Bc7 63. Kc6 Bf4 1/2-1/2

[Event "Woerishofen sen 2016"]
[Site "Bad Woerishofen"]
[Date "2016.03.01"]
[Round "5.69"]
[White "Gerst, Waldemar"]
[Black "Buss, Richard"]
[Result "1-0"]
[WhiteElo "1769"]
[BlackElo "1657"]
[PlyCount "129"]
[EventDate "2016.02.26"]
[EventType "swiss"]
[EventCountry "GER"]
[WhiteTeam "Grunbach SC"]
[BlackTeam "Heisfelde VfR"]
[WhiteTeamCountry "GER"]
[BlackTeamCountry "GER"]

1. e4 e6 2. d4 d5 3. exd5 exd5 4. Nf3 h6 5. Be2 Nf6 6. O-O Be7 7. Nc3 O-O 8. h3
Be6 9. b3 c6 10. a4 a5 11. Be3 Re8 12. Bd3 Nbd7 13. Ne2 Nf8 14. Nf4 Bd7 15. Ne5
Bd6 16. Nxd7 Qxd7 17. Be2 Qc7 18. Nh5 Nxh5 19. Bxh5 Bf4 20. Qf3 Bxe3 21. Bxf7+
Qxf7 22. Qxf7+ Kxf7 23. fxe3+ Kg8 24. Rf3 Nh7 25. h4 Nf6 26. Re1 Re7 27. Rf4
Rae8 28. Kf2 Ne4+ 29. Kf3 Nd2+ 30. Kf2 Ne4+ 31. Kf3 Nf6 32. g4 Rf7 33. Rg1 Ref8
34. Kg3 Ne4+ 35. Kf3 g5 36. Rf5 Rxf5+ 37. gxf5 Rxf5+ 38. Kg4 Rf6 39. Kh5 Kh7
40. hxg5 Nxg5 41. c4 dxc4 42. bxc4 Ne4 43. Rb1 Rf7 44. Rg1 Rf5+ 45. Kh4 Nf6 46.
Rb1 Rh5+ 47. Kg3 Ne4+ 48. Kf4 Rh4+ 49. Ke5 Kg6 50. Rxb7 Nc3 51. Rb6 Rh5+ 52.
Kd6 Nxa4 53. Rxc6 Kg5 54. e4 Kf4 55. e5 Rg5 56. e6 Rg6 57. Kd7 Kg5 58. e7 Rg7
59. Kd8 Rxe7 60. Kxe7 h5 61. d5 Nc3 62. Rc5 Kg4 63. Rxa5 Ne4 64. d6 Nxd6 65.
Kxd6 1-0

[Event "Woerishofen sen 2016"]
[Site "Bad Woerishofen"]
[Date "2016.03.02"]
[Round "6.1"]
[White "Okrajek, Alexander"]
[Black "Haubt, Georg"]
[Result "1/2-1/2"]
[WhiteElo "2224"]
[BlackElo "2125"]
[PlyCount "89"]
[EventDate "2016.02.26"]
[EventType "swiss"]
[EventCountry "GER"]
[WhiteTeam "Siegburg SC"]
[BlackTeam "Oberursel SV"]
[WhiteTeamCountry "GER"]
[BlackTeamCountry "GER"]

1. Nf3 Nc6 2. d4 d5 3. Bf4 Bg4 4. e3 e6 5. Be2 Nf6 6. Ne5 Nxe5 7. Bxe5 Bxe2 8.
Qxe2 Nd7 9. Bg3 c5 10. O-O cxd4 11. exd4 Qb6 12. Nc3 Be7 13. Rfe1 Nf6 14. Qb5+
Qxb5 15. Nxb5 Kd7 16. a4 Rhc8 17. c3 Rc4 18. a5 a6 19. Na3 Ra4 20. Nc2 Rxa1 21.
Nxa1 Rc8 22. Nb3 Kc6 23. Ra1 Nh5 24. Kf1 Kb5 25. Ke2 f6 26. Kd3 Nxg3 27. hxg3
e5 28. f3 Bd6 29. g4 Rh8 30. Rh1 h6 31. Rh5 g6 32. Rh1 h5 33. dxe5 fxe5 34. Nd2
Kxa5 35. c4 Bb4 36. cxd5 Bxd2 37. Kxd2 Kb4 38. Kd3 Kc5 39. Ke4 Kd6 40. g3 Rc8
41. gxh5 Rc4+ 42. Kd3 Rd4+ 43. Kc3 gxh5 44. Rxh5 Rxd5 45. Rh6+ 1/2-1/2

[Event "Woerishofen sen 2016"]
[Site "Bad Woerishofen"]
[Date "2016.03.02"]
[Round "6.2"]
[White "Gross, Werner"]
[Black "Frick, Christoph"]
[Result "1/2-1/2"]
[WhiteElo "2201"]
[BlackElo "2224"]
[PlyCount "45"]
[EventDate "2016.02.26"]
[EventType "swiss"]
[EventCountry "GER"]
[WhiteTeam "Niederkassel SG"]
[BlackTeam "Bebenhausen SK"]
[WhiteTeamCountry "GER"]
[BlackTeamCountry "GER"]

1. c4 g6 2. g3 Bg7 3. Bg2 e5 4. Nc3 d6 5. Nf3 Nc6 6. O-O f5 7. d3 Nf6 8. Rb1
O-O 9. b4 h6 10. Nd5 Be6 11. Nd2 Qd7 12. f4 Rae8 13. b5 Nd8 14. e4 Nh5 15. fxe5
dxe5 16. exf5 Bxf5 17. Ne4 Bg4 18. Rxf8+ Rxf8 19. Qd2 Ne6 20. Ba3 Rf7 21. Rf1
Nd4 22. Rxf7 Qxf7 23. Qf2 1/2-1/2

[Event "Woerishofen sen 2016"]
[Site "Bad Woerishofen"]
[Date "2016.03.02"]
[Round "6.3"]
[White "Kelchner, Hans"]
[Black "Bhend, Edwin"]
[Result "0-1"]
[WhiteElo "2157"]
[BlackElo "2188"]
[PlyCount "40"]
[EventDate "2016.02.26"]
[EventType "swiss"]
[EventCountry "GER"]
[WhiteTeam "Ludwigshafen SK"]
[BlackTeam "SUI"]
[WhiteTeamCountry "GER"]
[BlackTeamCountry "SUI"]

1. d4 d5 2. Bf4 Nf6 3. e3 e6 4. Nf3 Bd6 5. Bg3 Nbd7 6. Bd3 b6 7. Nbd2 Bb7 8. c3
Ne4 9. Qc2 f5 10. Bxd6 cxd6 11. O-O O-O 12. Ne1 a6 13. a4 Rf6 14. f3 Ng5 15. f4
Nf7 16. Kh1 Rh6 17. Ndf3 Nf6 18. Ng5 Ng4 19. Nxf7 Rxh2+ 20. Kg1 Rh1+ 0-1

[Event "Woerishofen sen 2016"]
[Site "Bad Woerishofen"]
[Date "2016.03.02"]
[Round "6.4"]
[White "Kozlov, Alexander"]
[Black "Neese, Hans Joachim"]
[Result "1-0"]
[WhiteElo "2153"]
[BlackElo "2159"]
[PlyCount "73"]
[EventDate "2016.02.26"]
[EventType "swiss"]
[EventCountry "GER"]
[WhiteTeam "Stuttgarter SF"]
[BlackTeam "Hennef SV"]
[WhiteTeamCountry "GER"]
[BlackTeamCountry "GER"]

1. d4 Nf6 2. c4 e6 3. g3 d5 4. Nf3 Nbd7 5. Bg2 Be7 6. O-O O-O 7. Qd3 c5 8. cxd5
Nxd5 9. Nc3 N7f6 10. Nxd5 Qxd5 11. Rd1 Rd8 12. Bf4 Qh5 13. Qc4 Nd5 14. dxc5
Nxf4 15. Rxd8+ Bxd8 16. gxf4 Be7 17. c6 b5 18. Qd4 f6 19. Rc1 Qe8 20. Nd2 a5
21. Qb6 Bd6 22. c7 Ra6 23. Qb8 Bxf4 24. e3 Bxc7 25. Qxc7 Bd7 26. Bb7 Ra7 27.
Qb6 Qg6+ 28. Kh1 Qd3 29. Nf3 Rxb7 30. Qxb7 Kf7 31. Kg2 e5 32. e4 Kg6 33. Rc7
Bh3+ 34. Kg3 Kh6 35. Rxg7 Bf5 36. exf5 Qxf5 37. Rg4 1-0

[Event "Woerishofen sen 2016"]
[Site "Bad Woerishofen"]
[Date "2016.03.02"]
[Round "6.5"]
[White "Weinwurm, Wolfgang"]
[Black "Hoeschele, Hans Ulrich"]
[Result "1-0"]
[WhiteElo "2185"]
[BlackElo "1979"]
[PlyCount "77"]
[EventDate "2016.02.26"]
[EventType "swiss"]
[EventCountry "GER"]
[WhiteTeam "AUT"]
[BlackTeam "Stuttgarter SF"]
[WhiteTeamCountry "AUT"]
[BlackTeamCountry "GER"]

1. e4 e5 2. Nf3 Nc6 3. d4 exd4 4. Nxd4 Bc5 5. Nb3 Be7 6. Nc3 Nf6 7. Bf4 d6 8.
Qd2 Be6 9. f3 a6 10. Be2 O-O 11. g4 b5 12. h4 Ne5 13. O-O-O Nfd7 14. g5 c6 15.
Kb1 Bc4 16. Bxc4 bxc4 17. Nd4 Rb8 18. Nf5 Re8 19. Nxe7+ Rxe7 20. Qxd6 Re6 21.
Qa3 Qc8 22. Ne2 c5 23. Rd5 Reb6 24. Bc1 c3 25. Qxc3 Nc6 26. Rhd1 R8b7 27. b3
Nb4 28. Bb2 f6 29. R5d2 Nf8 30. Qc4+ Qe6 31. Qxe6+ Rxe6 32. gxf6 gxf6 33. Nf4
Reb6 34. a3 Nxc2 35. Rxc2 Rxb3 36. Rd3 c4 37. Rxb3 cxb3 38. Rc6 Nd7 39. Nd5 1-0

[Event "Woerishofen sen 2016"]
[Site "Bad Woerishofen"]
[Date "2016.03.02"]
[Round "6.6"]
[White "Schmidt, Eugen"]
[Black "Zunker, Reinhard"]
[Result "1/2-1/2"]
[WhiteElo "1969"]
[BlackElo "2153"]
[PlyCount "41"]
[EventDate "2016.02.26"]
[EventType "swiss"]
[EventCountry "GER"]
[WhiteTeam "Oos SF"]
[BlackTeam "Hofheim SV"]
[WhiteTeamCountry "GER"]
[BlackTeamCountry "GER"]

1. e4 d6 2. d4 g6 3. Nc3 Bg7 4. Bf4 Nd7 5. Nf3 a6 6. Qd2 c5 7. Be3 Ngf6 8. Bh6
O-O 9. Bxg7 Kxg7 10. e5 Ne8 11. h4 cxd4 12. Qxd4 Qb6 13. e6+ Qxd4 14. Nxd4 Ndf6
15. Bc4 Nc7 16. exf7 d5 17. Be2 Rxf7 18. Nf3 Rf8 19. O-O-O e6 20. Ne5 Nd7 21.
Nf3 1/2-1/2

[Event "Woerishofen sen 2016"]
[Site "Bad Woerishofen"]
[Date "2016.03.02"]
[Round "6.7"]
[White "Hohler, Peter"]
[Black "Waltenberger, Udo"]
[Result "1/2-1/2"]
[WhiteElo "2138"]
[BlackElo "2026"]
[PlyCount "45"]
[EventDate "2016.02.26"]
[EventType "swiss"]
[EventCountry "GER"]
[WhiteTeam "SUI"]
[BlackTeam "Reichenbrand SV Eiche"]
[WhiteTeamCountry "SUI"]
[BlackTeamCountry "GER"]

1. d4 Nf6 2. c4 g6 3. f3 c5 4. d5 e5 5. e4 d6 6. Nc3 Bg7 7. Bd3 O-O 8. Nge2 Na6
9. O-O Nc7 10. Qe1 Rb8 11. a4 a6 12. a5 b5 13. axb6 Rxb6 14. Na4 Rb7 15. Bc2
Bd7 16. Ra2 Qe7 17. Bd2 Rfb8 18. Qc1 Nfe8 19. Bc3 Qf8 20. Qe1 Qe7 21. Qc1 Qf8
22. Qe1 Qe7 23. Qd1 1/2-1/2

[Event "Woerishofen sen 2016"]
[Site "Bad Woerishofen"]
[Date "2016.03.02"]
[Round "6.8"]
[White "Gauer, Jacques"]
[Black "Lang, Ferdinand"]
[Result "1-0"]
[WhiteElo "1940"]
[BlackElo "2097"]
[PlyCount "91"]
[EventDate "2016.02.26"]
[EventType "swiss"]
[EventCountry "GER"]
[WhiteTeam "FRA"]
[BlackTeam "Willsbach TSV"]
[WhiteTeamCountry "FRA"]
[BlackTeamCountry "GER"]

1. e4 e5 2. Bc4 Nc6 3. Nf3 Be7 4. d4 exd4 5. O-O d6 6. Nxd4 Nf6 7. Nc3 Ne5 8.
Be2 O-O 9. f4 Ng6 10. Nf3 c6 11. h3 Qc7 12. Be3 b5 13. Bd3 Re8 14. e5 dxe5 15.
Bxg6 hxg6 16. fxe5 Nd7 17. Bf4 Qb6+ 18. Kh1 Nc5 19. Be3 Qc7 20. Bxc5 Bxc5 21.
Ne4 Be7 22. Qd3 Be6 23. b3 Rad8 24. Qe3 Rd7 25. Rad1 Red8 26. Rxd7 Rxd7 27.
Neg5 Bd5 28. e6 fxe6 29. Nxe6 Qd6 30. Neg5 a5 31. Qe5 Qxe5 32. Nxe5 Rd6 33.
Ngf3 Rf6 34. Re1 Bd6 35. c4 bxc4 36. bxc4 Bb4 37. Rd1 Be4 38. Ng5 Bc2 39. Rd8+
Rf8 40. Rxf8+ Kxf8 41. Nxc6 Bb1 42. a3 Bc3 43. Nf3 Ke8 44. Kg1 Kd7 45. Ncd4 Kc7
46. Nb5+ 1-0

[Event "Woerishofen sen 2016"]
[Site "Bad Woerishofen"]
[Date "2016.03.02"]
[Round "6.9"]
[White "Heppell, Ian N"]
[Black "Eichler, Gottfried"]
[Result "1/2-1/2"]
[WhiteElo "2077"]
[BlackElo "2024"]
[PlyCount "62"]
[EventDate "2016.02.26"]
[EventType "swiss"]
[EventCountry "GER"]
[WhiteTeam "ENG"]
[BlackTeam "Dannenberg MTV"]
[WhiteTeamCountry "ENG"]
[BlackTeamCountry "GER"]

1. e4 e6 2. d4 c5 3. d5 exd5 4. exd5 d6 5. Nc3 Nf6 6. Nf3 Bg4 7. Be2 Be7 8. O-O
O-O 9. Be3 Re8 10. h3 Bxf3 11. Bxf3 Nbd7 12. a4 a6 13. a5 b5 14. axb6 Qxb6 15.
Qd2 Ne5 16. Be2 Bd8 17. Rfb1 Qb7 18. Ra2 Ned7 19. Rba1 a5 20. Bb5 Rb8 21. Bc6
Qa6 22. Bg5 Re7 23. Bxd7 Rxd7 24. Re1 Re7 25. Rxe7 Bxe7 26. b3 Re8 27. Ra1 h6
28. Bf4 Nh5 29. Re1 Nf6 30. Ne4 Rc8 31. Qe2 Qxe2 1/2-1/2

[Event "Woerishofen sen 2016"]
[Site "Bad Woerishofen"]
[Date "2016.03.02"]
[Round "6.10"]
[White "Gerl, Hans"]
[Black "Glatthor, Thomas"]
[Result "1-0"]
[WhiteElo "1951"]
[BlackElo "2071"]
[PlyCount "141"]
[EventDate "2016.02.26"]
[EventType "swiss"]
[EventCountry "GER"]
[WhiteTeam "Zirndorf SK"]
[BlackTeam "Hermsdorf VfB"]
[WhiteTeamCountry "GER"]
[BlackTeamCountry "GER"]

1. d4 d6 2. c4 g6 3. e4 Bg7 4. Nc3 Nf6 5. h3 O-O 6. Nf3 c6 7. Be3 Nbd7 8. Qd2
e5 9. d5 c5 10. Bh6 Kh8 11. g4 Bxh6 12. Qxh6 Ng8 13. Qe3 a6 14. O-O-O Ndf6 15.
Kb1 Bd7 16. Bd3 Ne8 17. Rdg1 Ng7 18. Ne2 b5 19. Ng3 bxc4 20. Bxc4 f5 21. gxf5
gxf5 22. exf5 Nxf5 23. Nxf5 Bxf5+ 24. Ka1 Rb8 25. Ng5 Qf6 26. Qc3 Ne7 27. f3
Rg8 28. f4 Ng6 29. fxe5 Nxe5 30. Nf3 Nd7 31. Qxf6+ Nxf6 32. Ng5 Rg7 33. h4 Ne4
34. Nxe4 Bxe4 35. Rxg7 Kxg7 36. Re1 Bf5 37. a3 a5 38. Re7+ Kf6 39. Ra7 Rg8 40.
Rxa5 Rg4 41. b3 Rxh4 42. a4 Ke5 43. Ra8 Kd4 44. Kb2 Rh2+ 45. Ka1 Kc3 46. Re8
Rh1+ 47. Ka2 Bb1+ 48. Ka3 Bd3 49. Ka2 Bxc4 50. bxc4 Kxc4 51. Rb8 Kxd5 52. a5
Rh2+ 53. Ka3 Rh3+ 54. Ka4 Rh1 55. Rb2 Rh4+ 56. Kb5 Rh1 57. a6 Ra1 58. Kb6 c4
59. Rb5+ Ke4 60. Ra5 Rg1 61. a7 Rg8 62. a8=Q+ Rxa8 63. Rxa8 c3 64. Kb5 d5 65.
Kb4 c2 66. Ra1 d4 67. Rc1 d3 68. Kc3 Ke3 69. Re1+ Kf2 70. Kd2 h5 71. Rh1 1-0

[Event "Woerishofen sen 2016"]
[Site "Bad Woerishofen"]
[Date "2016.03.02"]
[Round "6.11"]
[White "Villing, Dieter"]
[Black "Oud, Niek"]
[Result "1-0"]
[WhiteElo "2055"]
[BlackElo "1952"]
[PlyCount "51"]
[EventDate "2016.02.26"]
[EventType "swiss"]
[EventCountry "GER"]
[WhiteTeam "Ludwigshafen SK"]
[BlackTeam "NED"]
[WhiteTeamCountry "GER"]
[BlackTeamCountry "NED"]

1. e4 c5 2. Nf3 Nc6 3. Bb5 Nd4 4. Nxd4 cxd4 5. c3 a6 6. Ba4 b5 7. Bb3 Bb7 8. d3
e5 9. O-O Bc5 10. Qg4 Qf6 11. cxd4 Bxd4 12. Nc3 h5 13. Qe2 Ne7 14. Be3 d6 15.
Rac1 g6 16. Qd2 Qg7 17. Bg5 f6 18. Be3 Kd7 19. Bxd4 exd4 20. Ne2 f5 21. Nf4 Qf6
22. Be6+ Ke8 23. Rc7 Bc8 24. Bxc8 Rxc8 25. Nd5 Qe6 26. Rxe7+ 1-0

[Event "Woerishofen sen 2016"]
[Site "Bad Woerishofen"]
[Date "2016.03.02"]
[Round "6.12"]
[White "Rumsey, Victor B"]
[Black "Lainburg, Viktor"]
[Result "0-1"]
[WhiteElo "1864"]
[BlackElo "2033"]
[PlyCount "160"]
[EventDate "2016.02.26"]
[EventType "swiss"]
[EventCountry "GER"]
[WhiteTeam "ENG"]
[BlackTeam "Ulm SC Weisse Dame"]
[WhiteTeamCountry "ENG"]
[BlackTeamCountry "GER"]

1. d4 d5 2. c4 dxc4 3. e4 Nf6 4. e5 Nd5 5. Nc3 Nb6 6. Bxc4 Nxc4 7. Qa4+ Nc6 8.
Qxc4 Qxd4 9. Qxd4 Nxd4 10. Nd5 Ne6 11. Be3 c6 12. Nc3 g6 13. Nf3 Bg7 14. O-O
O-O 15. a4 Nc7 16. h3 Be6 17. Bc5 Rfe8 18. Rfe1 Nd5 19. Nd4 Nc7 20. a5 Bc4 21.
b3 Ba6 22. Rac1 Kf8 23. f4 Bh6 24. g3 Red8 25. Rcd1 Nd5 26. Nxd5 Rxd5 27. b4
Bg7 28. h4 Ke8 29. Rd2 e6 30. h5 Bf8 31. hxg6 hxg6 32. Bxf8 Kxf8 33. Kf2 Ke7
34. Rc1 Kd7 35. Ke3 Rc8 36. Rdc2 Rh8 37. Rd2 g5 38. Nf3 gxf4+ 39. gxf4 Rxd2 40.
Kxd2 Ke7 41. Ke3 Rg8 42. Rc2 Bb5 43. Rh2 Rd8 44. Nd4 Bc4 45. Rc2 Bd5 46. a6 Kd7
47. axb7 Rb8 48. b5 cxb5 49. Nxb5 Rxb7 50. Rc5 a5 51. Nd6 Ra7 52. Nb5 Ra6 53.
Rc7+ Kd8 54. Rxf7 a4 55. Na3 Rb6 56. Kd4 Rb4+ 57. Kc5 Rb3 58. f5 Rxa3 59. f6
Rf3 60. Kd6 Ke8 61. Rh7 a3 62. Rh8+ Kf7 63. Rh7+ Kg8 64. Rg7+ Kf8 65. Rc7 a2
66. Rc8+ Kf7 67. Rc7+ Kg8 68. Rc8+ Kh7 69. Rc7+ Kh6 70. Rc1 Be4 71. Rh1+ Kg5
72. Rg1+ Kh4 73. Ra1 Bd5 74. Ke7 Kg5 75. Rg1+ Kf5 76. f7 Kxe5 77. f8=Q Rxf8 78.
Kxf8 Be4 79. Ra1 Bb1 80. Ke7 Kd5 0-1

[Event "Woerishofen sen 2016"]
[Site "Bad Woerishofen"]
[Date "2016.03.02"]
[Round "6.13"]
[White "Sand, Rolf"]
[Black "Klein, Klaus"]
[Result "1/2-1/2"]
[WhiteElo "2032"]
[BlackElo "1949"]
[PlyCount "57"]
[EventDate "2016.02.26"]
[EventType "swiss"]
[EventCountry "GER"]
[WhiteTeam "Tuebingen SV"]
[BlackTeam "Heidelberg SF"]
[WhiteTeamCountry "GER"]
[BlackTeamCountry "GER"]

1. c4 c6 2. Nf3 d5 3. g3 Nf6 4. Bg2 Bg4 5. Ne5 Be6 6. cxd5 Bxd5 7. Nf3 c5 8.
O-O e6 9. Nc3 Bc6 10. b3 Be7 11. Bb2 O-O 12. Rc1 Nbd7 13. d3 Rc8 14. e4 Qc7 15.
Qe2 Rfd8 16. Rfd1 e5 17. Nd5 Nxd5 18. exd5 Bxd5 19. d4 Qa5 20. dxe5 Be6 21. Bc3
Qb6 22. Nd2 Nb8 23. Nc4 Rxd1+ 24. Rxd1 Qa6 25. Kf1 b6 26. Nd6 Rd8 27. Ke1 Qxe2+
28. Kxe2 Na6 29. Nc4 1/2-1/2

[Event "Woerishofen sen 2016"]
[Site "Bad Woerishofen"]
[Date "2016.03.02"]
[Round "6.14"]
[White "Aigner, Georg"]
[Black "Daeubler, Heinrich"]
[Result "0-1"]
[WhiteElo "1932"]
[BlackElo "2159"]
[PlyCount "102"]
[EventDate "2016.02.26"]
[EventType "swiss"]
[EventCountry "GER"]
[WhiteTeam "Taufkirchen SC"]
[BlackTeam "Haselmuehl SC"]
[WhiteTeamCountry "GER"]
[BlackTeamCountry "GER"]

1. e4 g6 2. d4 Bg7 3. Nf3 d6 4. Be2 Nf6 5. Nc3 c5 6. O-O cxd4 7. Nxd4 a6 8. a4
b6 9. Bf3 Ra7 10. Be3 Rc7 11. Nd5 Nxd5 12. exd5 Bb7 13. Nc6 Bxc6 14. Bxb6 Bb7
15. c4 Qc8 16. Bxc7 Qxc7 17. Qe2 Nd7 18. Be4 Nc5 19. Bb1 O-O 20. Ra3 a5 21. Re3
Bf6 22. b3 Rb8 23. Kh1 e6 24. dxe6 Nxe6 25. f4 Nd4 26. Qd1 Qc5 27. Rfe1 Kg7 28.
Re8 Rxe8 29. Rxe8 Qc6 30. Re4 Ne6 31. Qf3 Qc5 32. Qe2 Bxe4 33. Qxe4 Qd4 34.
Qxd4 Nxd4 35. Ba2 Ne2 36. b4 axb4 37. Bb3 Nxf4 38. g3 Nd3 39. a5 Nc1 40. a6 Bd4
41. Ba4 b3 42. Kg2 b2 43. Bc2 Nb3 44. Kf3 b1=Q 45. Bxb1 Nd2+ 46. Ke2 Nxb1 47.
Kd3 Bc5 48. Kc2 Na3+ 49. Kb3 Kf6 50. a7 Bxa7 51. Kxa3 Ke5 0-1

[Event "Woerishofen sen 2016"]
[Site "Bad Woerishofen"]
[Date "2016.03.02"]
[Round "6.15"]
[White "Maes, Valery"]
[Black "Oppermann, Peter"]
[Result "1-0"]
[WhiteElo "2110"]
[BlackElo "1933"]
[PlyCount "61"]
[EventDate "2016.02.26"]
[EventType "swiss"]
[EventCountry "GER"]
[WhiteTeam "Krefelder SK Turm"]
[BlackTeam "Harzburg Bad SK"]
[WhiteTeamCountry "GER"]
[BlackTeamCountry "GER"]

1. d4 Nf6 2. Nf3 g6 3. Nbd2 d5 4. e3 Bg7 5. b4 O-O 6. c4 c6 7. Bb2 Nbd7 8. Qb3
Re8 9. Rc1 e6 10. Bd3 Nf8 11. a4 Bd7 12. O-O Qe7 13. Ba3 Rec8 14. b5 Qd8 15. e4
dxe4 16. Nxe4 Nxe4 17. Bxe4 Qc7 18. g3 f5 19. Bd3 Kh8 20. Rfe1 h6 21. Re2 Re8
22. Rce1 Rad8 23. Ne5 Bxe5 24. Rxe5 Bc8 25. d5 c5 26. Bb2 Kh7 27. R5e2 Qf7 28.
Qc3 Qg8 29. Qa5 Rd7 30. Qxa7 Qf7 31. Qxc5 1-0

[Event "Woerishofen sen 2016"]
[Site "Bad Woerishofen"]
[Date "2016.03.02"]
[Round "6.16"]
[White "Lange, Manfred"]
[Black "Braun, Erhard"]
[Result "1-0"]
[WhiteElo "2098"]
[BlackElo "1932"]
[PlyCount "69"]
[EventDate "2016.02.26"]
[EventType "swiss"]
[EventCountry "GER"]
[WhiteTeam "Wuerzburg SV"]
[BlackTeam "Heusweiler SC"]
[WhiteTeamCountry "GER"]
[BlackTeamCountry "GER"]

1. e4 c5 2. Nf3 Nc6 3. Nc3 g6 4. d4 cxd4 5. Nxd4 Bg7 6. Be3 Nf6 7. Be2 O-O 8.
O-O d6 9. Qd2 Ng4 10. Bxg4 Bxg4 11. h3 Bd7 12. f4 a6 13. Nd5 Nxd4 14. Bxd4
Bxd4+ 15. Qxd4 b5 16. f5 f6 17. Rf3 Rc8 18. fxg6 hxg6 19. Raf1 Kg7 20. Rg3 Rc4
21. Qd3 Be8 22. b3 Rc8 23. c4 bxc4 24. bxc4 Bf7 25. Kh2 Rc5 26. Rb1 Qd7 27. Qd4
e5 28. Qd3 Bxd5 29. cxd5 a5 30. Rb6 f5 31. Qa6 Rf6 32. exf5 Qxf5 33. Rf3 Qe4
34. Rb7+ Kh6 35. Rxf6 1-0

[Event "Woerishofen sen 2016"]
[Site "Bad Woerishofen"]
[Date "2016.03.02"]
[Round "6.17"]
[White "Rahn, Oskar"]
[Black "Winter, Bernd"]
[Result "1-0"]
[WhiteElo "2091"]
[BlackElo "1922"]
[PlyCount "69"]
[EventDate "2016.02.26"]
[EventType "swiss"]
[EventCountry "GER"]
[WhiteTeam "Frankenthal SK"]
[BlackTeam "Muenchen SK Siemens"]
[WhiteTeamCountry "GER"]
[BlackTeamCountry "GER"]

1. e4 c5 2. Nf3 Nc6 3. Bb5 g6 4. Bxc6 bxc6 5. d4 Bg7 6. O-O cxd4 7. Nxd4 e5 8.
Nb3 d6 9. Be3 Nf6 10. f3 O-O 11. Nc3 Bb7 12. Qd2 d5 13. Nc5 Rb8 14. Bg5 d4 15.
Nxb7 Rxb7 16. Na4 Qd6 17. Qd3 Nd7 18. b3 Nc5 19. Nxc5 Qxc5 20. Bd2 Rc8 21. a4
a5 22. Kh1 Bf8 23. Qa6 Rcb8 24. Rfc1 Ra7 25. Qd3 Kg7 26. g4 Be7 27. g5 Qd6 28.
Rf1 Qd7 29. f4 exf4 30. Bxf4 Rd8 31. Qg3 d3 32. Rad1 d2 33. Rxd2 Qxd2 34. Bxd2
Rxd2 35. Qc3+ 1-0

[Event "Woerishofen sen 2016"]
[Site "Bad Woerishofen"]
[Date "2016.03.02"]
[Round "6.19"]
[White "Walther, Reinhard"]
[Black "Bauder, Herbert"]
[Result "1/2-1/2"]
[WhiteElo "2039"]
[BlackElo "1897"]
[PlyCount "56"]
[EventDate "2016.02.26"]
[EventType "swiss"]
[EventCountry "GER"]
[WhiteTeam "Herzogenaurach SK"]
[BlackTeam "Steglitz Wilmersdorf SG Lasker"]
[WhiteTeamCountry "GER"]
[BlackTeamCountry "GER"]

1. d4 Nf6 2. Bg5 c5 3. Bxf6 gxf6 4. d5 Qb6 5. Qc1 f5 6. c4 Bg7 7. Nc3 d6 8. g3
Nd7 9. Nf3 Nf6 10. Nd2 Bd7 11. e3 Ne4 12. Qc2 Nxc3 13. bxc3 Qa5 14. Rc1 O-O 15.
Bd3 e6 16. O-O h6 17. Nb3 Qd8 18. Rb1 b6 19. Nd2 Qf6 20. Rfc1 e5 21. e4 f4 22.
Be2 Kh8 23. Qd1 Rg8 24. g4 Qh4 25. f3 h5 26. Qe1 Bf6 27. Qxh4 Bxh4 28. h3 Rg7
1/2-1/2

[Event "Woerishofen sen 2016"]
[Site "Bad Woerishofen"]
[Date "2016.03.02"]
[Round "6.20"]
[White "Harsch, Martin"]
[Black "Neumann, Erwin"]
[Result "1/2-1/2"]
[WhiteElo "2029"]
[BlackElo "1870"]
[PlyCount "37"]
[EventDate "2016.02.26"]
[EventType "swiss"]
[EventCountry "GER"]
[WhiteTeam "SUI"]
[BlackTeam "Schwaebisch Hall SK"]
[WhiteTeamCountry "SUI"]
[BlackTeamCountry "GER"]

1. e4 e5 2. Nc3 Nc6 3. g3 b6 4. Bg2 Bb7 5. Nge2 Nf6 6. O-O Nd4 7. d3 Be7 8. Be3
c5 9. Nd5 Nxd5 10. exd5 Nf5 11. c4 O-O 12. Nc3 d6 13. a4 Nxe3 14. fxe3 Bg5 15.
Qe2 f5 16. Rf2 g6 17. Raf1 Qe7 18. Bh3 h5 19. Kh1 1/2-1/2

[Event "Woerishofen sen 2016"]
[Site "Bad Woerishofen"]
[Date "2016.03.02"]
[Round "6.21"]
[White "Spurga, Josef"]
[Black "Hansch, Klaus Michael"]
[Result "1-0"]
[WhiteElo "2002"]
[BlackElo "1850"]
[PlyCount "107"]
[EventDate "2016.02.26"]
[EventType "swiss"]
[EventCountry "GER"]
[WhiteTeam "Sindelfingen VfL"]
[BlackTeam "Berlin SC WD"]
[WhiteTeamCountry "GER"]
[BlackTeamCountry "GER"]

1. d4 Nf6 2. Nf3 d5 3. e3 Bf5 4. c4 e6 5. Qb3 Qc8 6. Nc3 c6 7. Be2 Nbd7 8. O-O
Bd6 9. Qd1 Qb8 10. h3 h6 11. b3 O-O 12. Bd3 Bxd3 13. Qxd3 e5 14. dxe5 Nxe5 15.
Nxe5 Bxe5 16. Bb2 dxc4 17. Qxc4 Nd5 18. Nxd5 Bxb2 19. Ne7+ Kh8 20. Rad1 Bf6 21.
Nf5 Qc7 22. Qg4 Rad8 23. Qf3 Qe5 24. Ng3 Be7 25. Rxd8 Bxd8 26. Rd1 Bc7 27. Rd7
Kg8 28. Qf5 Qxf5 29. Nxf5 Bb6 30. Rxb7 Rd8 31. Ne7+ Kf8 32. Nxc6 Rc8 33. Nxa7
Rc1+ 34. Kh2 Bc7+ 35. g3 Rc2 36. Kg2 Be5 37. a4 g5 38. b4 Ra2 39. a5 Bc3 40.
Kf3 Be1 41. g4 Rxf2+ 42. Ke4 Ra2 43. Nc6 Ra3 44. Ne5 f6 45. Nc4 Ra2 46. b5 Ra4
47. Kd5 h5 48. a6 hxg4 49. hxg4 f5 50. gxf5 g4 51. Ne5 g3 52. f6 Kg8 53. Rg7+
Kh8 54. Ng6# 1-0